000 00289nam a2200097Ia 4500
082 _aLP EF RUSS
245 0 _aThat old Cape magic : a novel
100 _a Russo, Richard, , 1949- New York, 2009 1st large print ed
_945520
942 _cBK
008 210817s9999 xx 000 0 und d
999 _c200563
_d200559